=LDR 00000nam 2200000 4500 =001 INLIS000000000009969 =005 20130612101723 =008 ***********************************Ind** =035 ##$$0010-061300000009969 =041 ##$$a Ind =082 ##$$a 028.5 =090 ##$$a 028.5, Beg m =100 ##$$a Beggio, Valintina =245 ##$$a mana yang lebih cepat suara atau cahaya ?, Valintina Beggio ; alih bahasa, Esther S. Mandjani =260 ##$$a 1995 $b jakarta =300 ##$$a 24 hlm, ilus, 19 cm =650 ##$$a bacaan anak-anak =850 ##$$a NBPNMAT